<?xml version="1.0" encoding="UTF-8"?>
<record
    xmlns:xsi="http://www.w3.org/2001/XMLSchema-instance"
    xsi:schemaLocation="http://www.loc.gov/MARC21/slim http://www.loc.gov/standards/marcxml/schema/MARC21slim.xsd"
    xmlns="http://www.loc.gov/MARC21/slim">

  <leader>02852nam a2200325   4500</leader>
  <controlfield tag="001">306</controlfield>
  <controlfield tag="003">OSt</controlfield>
  <controlfield tag="005">20250327114436.0</controlfield>
  <controlfield tag="008">250324b        |||||||e |||| 00| e eng d</controlfield>
  <datafield tag="040" ind1=" " ind2=" ">
    <subfield code="b">por</subfield>
  </datafield>
  <datafield tag="041" ind1=" " ind2=" ">
    <subfield code="h">por</subfield>
  </datafield>
  <datafield tag="082" ind1=" " ind2=" ">
    <subfield code="a">320</subfield>
    <subfield code="b">M333m</subfield>
  </datafield>
  <datafield tag="100" ind1="1" ind2=" ">
    <subfield code="a">Maric&#xE1;, Mariano Jos&#xE9; Pereira da Fonseca,</subfield>
    <subfield code="c">Marques de,</subfield>
    <subfield code="d">1773-1848.</subfield>
    <subfield code="9">602</subfield>
  </datafield>
  <datafield tag="240" ind1=" " ind2=" ">
    <subfield code="a">M&#xE1;ximas, Pensamentos e Reflex&#xF5;es</subfield>
  </datafield>
  <datafield tag="245" ind1=" " ind2=" ">
    <subfield code="a">M&#xE1;ximas, Pensamentos e Reflex&#xF5;es /</subfield>
    <subfield code="c">Maric&#xE1;, Marques de</subfield>
  </datafield>
  <datafield tag="260" ind1=" " ind2=" ">
    <subfield code="a">S&#xE3;o Paulo</subfield>
    <subfield code="b">Formar</subfield>
    <subfield code="c">1978</subfield>
  </datafield>
  <datafield tag="300" ind1=" " ind2=" ">
    <subfield code="a">297 p.</subfield>
  </datafield>
  <datafield tag="490" ind1="1" ind2=" ">
    <subfield code="a">Grandes Mestres do Pensamento</subfield>
    <subfield code="v">Livro 8</subfield>
  </datafield>
  <datafield tag="500" ind1=" " ind2=" ">
    <subfield code="a">Volume 8 da Cole&#xE7;&#xE3;o "Grande Mestres do Pensamentos".</subfield>
  </datafield>
  <datafield tag="520" ind1=" " ind2=" ">
    <subfield code="a">Mariano Jos&#xE9; Pereira da Fonseca, o Marqu&#xEA;s de Maric&#xE1;, viveu entre 1773 e 1848, tendo vivido, portanto, at&#xE9; a espantosa idade de 75 anos. Em 1813, come&#xE7;ou a publicar, no jornal O Patriota, no Rio de Janeiro, suas M&#xE1;ximas, pensamentos e reflex&#xF5;es, assinadas por "Um Brasileiro". A partir de 1839 at&#xE9; o ano de sua morte, editou a colet&#xE2;nea de suas m&#xE1;ximas. Foram v&#xE1;rias edi&#xE7;&#xF5;es e 4.188 aforismos sobre os mais diversos assuntos, que agora se publicam nesta p&#xE1;gina. Na tradi&#xE7;&#xE3;o dos livros de sabedoria, desde as refer&#xEA;ncias do Velho Testamento, as M&#xE1;ximas do Marqu&#xEA;s de Maric&#xE1; n&#xE3;o foge ao perfil conservador que costuma marcar este tipo de g&#xEA;nero liter&#xE1;rio, sobretudo em seu recorte moral.

No caso presente, chama aten&#xE7;&#xE3;o a insist&#xEA;ncia quase obsessiva do autor pelo tema do envelhecimento, que, para o autor, seria o lugar da sabedoria e da prud&#xEA;ncia. Este tema ocupa mais do 10 por cento dos 4.188 aforismos. Para o leitor atual, as famosas m&#xE1;ximas do Marqu&#xEA;s servem talvez de retrato do senso comum, ou melhor: s&#xE3;o documento relevante do que pretendiam nossas elites e de como constru&#xED;am seus valores pol&#xED;ticos, sociais, &#xE9;ticos e, acima de tudo, o patrim&#xF4;nio moral, sempre legitimado pela religi&#xE3;o.

Por esse &#xFA;ltimo aspecto &#xE9; que as M&#xE1;ximas ganham subjetividade e se aproximam de uma esp&#xE9;cie de memorialismo. O Marqu&#xEA;s de Maric&#xE1; n&#xE3;o soube, por&#xE9;m, ou n&#xE3;o quis, resguardar-se das marcas de sua pr&#xF3;pria enuncia&#xE7;&#xE3;o, como aconselhava a tradi&#xE7;&#xE3;o do g&#xEA;nero, e registrou, em grande parte dos aforismos, sua amargura e o pessimismo de um intelectual formado na tradi&#xE7;&#xE3;o do liberalismo, que n&#xE3;o consegue evitar a sensa&#xE7;&#xE3;o de gl&#xF3;ria perdida. Hoje, a leitura dos aforismos do Marqu&#xEA;s pode ser uma viagem arqueol&#xF3;gica ao subsolo do continente perdido dos valores burgueses da sociedade brasileira. -- Carlos Sep&#xFA;lveda
</subfield>
  </datafield>
  <datafield tag="650" ind1=" " ind2="0">
    <subfield code="a">Literatura Brasileira</subfield>
    <subfield code="9">205</subfield>
  </datafield>
  <datafield tag="650" ind1=" " ind2="0">
    <subfield code="a">Moral e &#xC9;tica </subfield>
    <subfield code="9">603</subfield>
  </datafield>
  <datafield tag="650" ind1=" " ind2="0">
    <subfield code="a">Politica</subfield>
    <subfield code="9">138</subfield>
  </datafield>
  <datafield tag="650" ind1=" " ind2="0">
    <subfield code="a">Religi&#xE3;o</subfield>
    <subfield code="9">100</subfield>
  </datafield>
  <datafield tag="650" ind1=" " ind2="0">
    <subfield code="a">Desigualdade social</subfield>
    <subfield code="9">604</subfield>
  </datafield>
  <datafield tag="655" ind1=" " ind2="0">
    <subfield code="a">Ensaio</subfield>
    <subfield code="9">417</subfield>
  </datafield>
  <datafield tag="655" ind1=" " ind2="0">
    <subfield code="a">N&#xE3;o Fic&#xE7;&#xE3;o</subfield>
    <subfield code="9">102</subfield>
  </datafield>
  <datafield tag="830" ind1=" " ind2=" ">
    <subfield code="a">Grandes Mestres do Pensamento</subfield>
    <subfield code="v">vol. 8</subfield>
    <subfield code="9">596</subfield>
  </datafield>
  <datafield tag="942" ind1=" " ind2=" ">
    <subfield code="2">ddc</subfield>
    <subfield code="n">0</subfield>
    <subfield code="c">BK</subfield>
  </datafield>
  <datafield tag="952" ind1=" " ind2=" ">
    <subfield code="0">0</subfield>
    <subfield code="1">0</subfield>
    <subfield code="2">ddc</subfield>
    <subfield code="3">vol. 08</subfield>
    <subfield code="4">0</subfield>
    <subfield code="7">0</subfield>
    <subfield code="8">FIC</subfield>
    <subfield code="a">BIBIB</subfield>
    <subfield code="b">BIBIB</subfield>
    <subfield code="c">PF</subfield>
    <subfield code="d">2025-03-24</subfield>
    <subfield code="e">doa&#xE7;&#xE3;o</subfield>
    <subfield code="l">0</subfield>
    <subfield code="o">320 / M333m</subfield>
    <subfield code="p">2025-17257</subfield>
    <subfield code="r">2025-03-24 14:19:23</subfield>
    <subfield code="t">Ex. 01</subfield>
    <subfield code="w">2025-03-24</subfield>
    <subfield code="y">BK</subfield>
  </datafield>
  <datafield tag="999" ind1=" " ind2=" ">
    <subfield code="c">306</subfield>
    <subfield code="d">306</subfield>
  </datafield>
</record>
